000 nam a22 a 4500
999 _c1840
_d1840
005 20170526100908.0
008 170512|1963 be || |||| ||||| d
040 _aAKMAL
082 _a343.0877026 CUS
090 _a343.0877026
_bCUS
245 1 0 _aCustoms Convention on the Temporary Importation of Professional Equipment. Brussels, June 11, 1968, etc. Eng. & Fr.
260 _aLONDON
_c1963
300 _a 31 p. ;
_c 8ยบ.
490 0 _aForeign Office. Treaty Series. 1963. no. 62.
500 _a England. Parliamentary Papers. Cmnd. 2125.
599 _aDALAM PROSES
852 4 1 _aBritish Library
_bHMNTS
942 _2ddc
_cBOOK